Score 0/26 Timer 03:00
1 Play Today
Hint Answer % Correct
____ Curie - physicistMarie
98.2%
____ Luther - religious reformerMartin
98.1%
____ Carta - 1215Magna
97.6%
____ Lisa - paintingMona
96.1%
____ Thatcher - UK Prime MinisterMargaret
95.5%
Wolfgang Amadeus ____ - Austrian composerMozart
94.9%
Karl ____ - political philosopherMarx
94.6%
Claude ____ - impressionist painterMonet
91.1%
Angela ____ - German ChancellorMerkel
87.8%
The Communist ____ - published 1848Manifesto
87.3%
Benito ____ - Italian dictatorMussolini
87.2%
____ Shelley - novelistMary
80.7%
Ferdinand ____ - Portuguese explorerMagellan
76.9%
Hint Answer % Correct
____ Dietrich - German actressMarlene
63.4%
Gregor ____ - founder of modern geneticsMendel
61.9%
St. Bartholomew's Day ____ - 1572Massacre
56.8%
De' ____ family - rulers of FlorenceMedici
56.2%
____ Line - failed WWII defenseMaginot
48.9%
UK ____' Strike - 1984-1985Miners
47.7%
Slobodan ____ - President of SerbiaMilošević
43.9%
Illuminated ____ - decorated medieval textsManuscripts
40.9%
Niccolò ____ - political philosopherMachiavelli
39.6%
First Battle of the ____ - 1914Marne
32.9%
Bernard ____ - WWII generalMontgomery
31.7%
____ Robespierre - French revolutionaryMaximilien
28.8%
____ Treaty - created the EU, 1992Maastricht
21.2%

Today's Daily Dose

Remove Ads.
Support Sporcle.
Get the best of Sporcle when you Go Orange. This ad-free experience offers more features, more stats, and more fun while also helping to support Sporcle. Thank you for becoming a member.

You're not logged in!

Compare scores with friends on all Sporcle quizzes.
OR
Log In

Show Comments

Extras

Top Quizzes Today


Score Distribution

Your Account Isn't Verified!

In order to create a playlist on Sporcle, you need to verify the email address you used during registration. Go to your Sporcle Settings to finish the process.

Report this User

Report this user for behavior that violates our Community Guidelines.

Details: